000 00294 a2200145 4500
001 161498
020 _a
040 _cMagnum
100 _aPozenato, Jose Clemente
240 1 0 _aO caso do martelo
_lpor
245 1 0 _aO caso do martelo
362 0 _a1899
697 _aJ/GERAL
942 _cBK
999 _c161498
_d161498